00405nam a2200169Ia 4500003000400000005001700004008004100021020001500062050002300077100002000100245003800120260003500158300002100193440000600214521000700220526000800227OSt20140311163114.0140130s9999 xx 000 0 und d a0439051630 aPZ 7b.B146Ch 1999 aBaglio, Ben M.  aChick Challenge /cBen M. Baglio. bScholastic,c1999.aNew York : a119 p. :c18 cm. v1 aG3 c570